[Event "Olympiad Women-45"]
[Site "Budapest"]
[Date "2024.09.19"]
[Round "8.3"]
[White "Banda, Natalie Katlo"]
[Black "Duque, Raquel Dos Santos"]
[Result "0-1"]
[WhiteElo "1893"]
[BlackElo "1913"]
[PlyCount "86"]
[EventDate "2024.09.11"]
[EventType "team-swiss"]
[EventRounds "11"]
[EventCountry "HUN"]
[SourceTitle "EXT 2025"]
[Source "ChessBase"]
[SourceDate "2024.10.14"]
[SourceVersion "1"]
[SourceVersionDate "2024.10.14"]
[SourceQuality "1"]
[WhiteTeam "Botswana (W)"]
[BlackTeam "Portugal (W)"]
[WhiteTeamCountry "BOT"]
[BlackTeamCountry "POR"]

1. d4 Nf6 2. c4 e6 3. Nf3 Bb4+ 4. Nbd2 0-0 5. Qc2 b6 6. g3 Bb7 7. Bg2 Be7 8. 0-0 d5 9. Ne5 Nbd7 10. Ndf3 c5 11. Bf4 Rc8 12. Qa4 cxd4 13. Nxd7 Nxd7 14. cxd5 Bxd5 15. Qxd4 Bf6 16. Qd2 Nc5 17. Ne5 g5 18. Bxd5 gxf4 19. Ng4 Bg7 20. Rfd1 Qxd5 21. Qxf4 Qf5 22. Qxf5 exf5 23. Ne3 Bxb2 24. Rab1 Bf6 25. Nxf5 Rfd8 26. Ne3 Ne4 27. Rxd8+ Rxd8 28. Ng4 h5 29. Nxf6+ Nxf6 30. Rb2 Ne4 31. a4 Rd1+ 32. Kg2 Ra1 33. Rb5 Nc5 34. f3 Rxa4 35. h3 Ra3 36. Rb1 Rb3 37. Ra1 a5 38. g4 hxg4 39. hxg4 Rb2 40. Kf2 a4 41. Ke3 b5 42. f4 b4 43. g5 a3 0-1

[Event "Famalicao op 10th"]
[Site "Vila Nova de Famalicao"]
[Date "2023.07.30"]
[Round "9"]
[White "Duque, Raquel Dos Santos"]
[Black "Fernandes, Antonio ETG"]
[Result "0-1"]
[WhiteElo "1688"]
[BlackElo "2337"]
[PlyCount "72"]
[EventDate "2023.07.24"]
[EventType "swiss"]
[EventRounds "9"]
[EventCountry "POR"]
[SourceTitle "EXT 2024"]
[Source "ChessBase"]
[SourceDate "2023.10.10"]
[SourceVersion "1"]
[SourceVersionDate "2023.10.10"]
[SourceQuality "1"]

1. c4 Nf6 2. Nc3 d5 3. cxd5 Nxd5 4. e4 Nb4 5. d4 Qxd4 6. Be3 Qxd1+ 7. Kxd1 c6 8. Bc4 e5 9. Nf3 f6 10. Rc1 N4a6 11. Ke2 Bc5 12. Bxa6 Nxa6 13. Bxc5 Nxc5 14. Nb5 Na6 15. Nd6+ Ke7 16. Nxc8+ Raxc8 17. Nd2 Nc7 18. Nc4 Ne6 19. Rhd1 Rhd8 20. Na5 Rd4 21. Rxd4 Nxd4+ 22. Ke3 b6 23. Nc4 Rd8 24. Na3 c5 25. Nc2 Ne6 26. g3 g6 27. f3 f5 28. Ne1 f4+ 29. Ke2 h5 30. Nd3 Nd4+ 31. Kf2 Nxf3 32. Nxf4 exf4 33. Kxf3 fxg3 34. hxg3 Rd3+ 35. Kf4 Kf6 36. e5+ Ke6 0-1

[Event "POR-ch (Women)"]
[Site "Vila Nova de Famalicao"]
[Date "2023.04.23"]
[Round "4"]
[White "Duque, Raquel Dos Santos"]
[Black "Tarelho, Bruna Silva"]
[Result "1-0"]
[WhiteElo "1680"]
[BlackElo "1484"]
[PlyCount "89"]
[EventDate "2023.04.22"]
[EventType "swiss"]
[EventRounds "6"]
[EventCountry "POR"]
[SourceTitle "CBM 213 Extra"]
[Source "ChessBase"]
[SourceDate "2023.05.31"]
[SourceVersion "1"]
[SourceVersionDate "2023.05.31"]
[SourceQuality "1"]

1. c4 e6 2. Nf3 Nf6 3. Nc3 d5 4. d4 Bd6 5. e3 c6 6. Bd3 Nbd7 7. 0-0 0-0 8. b3 Re8 9. e4 Bb4 10. e5 Bxc3 11. exf6 Nxf6 12. Rb1 dxc4 13. bxc4 h6 14. h3 Qd7 15. Be3 Ba5 16. Ne5 Qe7 17. Ng4 Bc7 18. Nxf6+ Qxf6 19. Qh5 e5 20. d5 e4 21. Bc2 Qd6 22. g3 cxd5 23. Rfd1 d4 24. Rxd4 Qc6 25. c5 Re5 26. Qh4 Bf5 27. Rdb4 Rb8 28. Bd4 Rd5 29. Bb3 Rxd4 30. Rxd4 e3 31. Rf1 exf2+ 32. Rxf2 Qxc5 33. Rc4 Qb6 34. Rxc7 Qxc7 35. Rxf5 Qc1+ 36. Kg2 Qd2+ 37. Rf2 Qd6 38. Bxf7+ Kh8 39. Qf4 Qc6+ 40. Qf3 Qd6 41. Kh2 b5 42. Qf4 Qb6 43. Bg6 Rg8 44. Be4 Re8 45. Qf8+ 1-0

[Event "POR-ch (Women)"]
[Site "Leiria"]
[Date "2022.09.14"]
[Round "3"]
[White "Duque, Raquel Dos Santos"]
[Black "Areal, Maria Beatriz Moura"]
[Result "1-0"]
[WhiteElo "1634"]
[BlackElo "1467"]
[PlyCount "69"]
[EventDate "2022.09.12"]
[EventType "swiss"]
[EventRounds "5"]
[EventCountry "POR"]
[SourceTitle "CBM 210 Extra"]
[Source "ChessBase"]
[SourceDate "2022.11.30"]
[SourceVersion "1"]
[SourceVersionDate "2022.11.30"]
[SourceQuality "1"]

1. c4 c5 2. Nc3 g6 3. g3 Bg7 4. Bg2 Nc6 5. e4 d6 6. Nge2 e5 7. 0-0 Nge7 8. d3 0-0 9. f4 Nd4 10. Rb1 Nec6 11. Be3 a5 12. a3 Be6 13. Bxd4 Nxd4 14. b4 Nxe2+ 15. Nxe2 axb4 16. axb4 b6 17. f5 Bd7 18. g4 Bh6 19. b5 Be3+ 20. Kh1 g5 21. Ra1 Rxa1 22. Qxa1 Qa8 23. Qb2 Qb7 24. Ra1 Ra8 25. Ra3 Rxa3 26. Qxa3 Bd2 27. Kg1 Qc7 28. Qa8+ Bc8 29. Ng3 f6 30. Nh5 Kf7 31. Qd5+ Ke7 32. Qg8 Be3+ 33. Kf1 h6 34. Qg7+ Kd8 35. Qf8+ 1-0

[Event "Lisbon Portugal rapid op"]
[Site "Lisbon"]
[Date "2022.09.04"]
[Round "9"]
[White "Duque, Raquel Dos Santos"]
[Black "Goncalves, Samuel Jesus P"]
[Result "0-1"]
[WhiteElo "1634"]
[BlackElo "2066"]
[PlyCount "70"]
[EventDate "2022.09.03"]
[EventType "swiss (rapid)"]
[EventRounds "11"]
[EventCountry "POR"]
[SourceTitle "CBM 210 Extra"]
[Source "ChessBase"]
[SourceDate "2022.11.30"]
[SourceVersion "1"]
[SourceVersionDate "2022.11.30"]
[SourceQuality "1"]

1. c4 Nf6 2. Nc3 e6 3. Nf3 d5 4. cxd5 exd5 5. d4 c6 6. Bf4 Bf5 7. e3 Qb6 8. Qb3 Nbd7 9. Be2 Qxb3 10. axb3 Nh5 11. Bg3 Nxg3 12. hxg3 Bb4 13. 0-0 Ke7 14. Ra4 Bd6 15. Nd2 Nf6 16. Rfa1 a6 17. f3 Bxg3 18. e4 Bf4 19. exf5 Bxd2 20. Rd1 Be3+ 21. Kh2 Kd7 22. g4 h5 23. Kg3 h4+ 24. Kh3 Bf4 25. Bd3 Nh7 26. Ne2 Ng5+ 27. Kg2 h3+ 28. Kh1 Bd6 29. f4 Nf3 30. Raa1 Rae8 31. Rac1 Re3 32. Rc3 Rhe8 33. Rf1 Bb4 34. Nc1 Bxc3 35. bxc3 Re1 0-1

[Event "Lisbon Portugal rapid 2op"]
[Site "Lisbon"]
[Date "2020.02.02"]
[Round "1"]
[White "Vasli, Aref"]
[Black "Duque, Raquel Dos Santos"]
[Result "1-0"]
[WhiteElo "2373"]
[BlackElo "1430"]
[PlyCount "79"]
[EventDate "2020.01.02"]
[EventType "swiss (rapid)"]
[EventRounds "8"]
[EventCountry "POR"]
[SourceTitle "CBM 194 Extra"]
[Source "ChessBase"]
[SourceDate "2020.03.31"]
[SourceVersion "1"]
[SourceVersionDate "2020.03.31"]
[SourceQuality "1"]

1. e4 e5 2. Nf3 Nf6 3. Nxe5 Qe7 4. d4 d6 5. Nf3 Qxe4+ 6. Be2 Bf5 7. Nc3 Qxc2 8. 0-0 Qxd1 9. Rxd1 Be7 10. Bb5+ c6 11. Ba4 Nbd7 12. Re1 d5 13. Bf4 Be6 14. Ng5 0-0 15. Nxe6 fxe6 16. Rxe6 Rae8 17. Rae1 Bb4 18. Rxe8 Rxe8 19. Rxe8+ Nxe8 20. Nxd5 cxd5 21. Bxd7 Nf6 22. Be6+ Kf8 23. Bb8 a5 24. Bc8 b5 25. Bc7 Ne8 26. Be5 Bd2 27. Bd7 b4 28. Be6 g6 29. Bxd5 Bc1 30. b3 Bb2 31. f4 Ng7 32. g4 Bc1 33. Kf2 Bd2 34. Kf3 h5 35. h3 Be1 36. Bc7 Bc3 37. Ke4 Ke7 38. Bxa5 Ne6 39. Bxe6 Kxe6 40. a3 1-0

[Event "POR-ch U14"]
[Site "Luso"]
[Date "2017.04.10"]
[Round "5"]
[White "Duque, Raquel Dos Santos"]
[Black "Cunha, Alexandre Almeida"]
[Result "0-1"]
[WhiteElo "1365"]
[BlackElo "1187"]
[PlyCount "62"]
[EventDate "2017.04.08"]
[EventType "swiss"]
[EventRounds "8"]
[EventCountry "POR"]
[SourceTitle "EXT 2018"]
[Source "ChessBase"]
[SourceDate "2017.10.13"]
[SourceVersion "1"]
[SourceVersionDate "2017.10.13"]
[SourceQuality "1"]

1. e4 e5 2. Nc3 Nf6 3. f4 d6 4. d4 exd4 5. Qxd4 Nc6 6. Bb5 Bd7 7. Bxc6 Bxc6 8. Nge2 Qe7 9. 0-0 0-0-0 10. Qxa7 Nxe4 11. Nxe4 Qxe4 12. Qf2 Qxc2 13. Nd4 Qxf2+ 14. Rxf2 d5 15. Rf1 Bc5 16. Be3 Rhe8 17. Rac1 Bb6 18. Rce1 Re4 19. Nc2 Bb5 20. Rf3 Rde8 21. Kf2 d4 22. Nxd4 Bxd4 23. Bxd4 Rxe1 24. Bxg7 R1e2+ 25. Kg3 Rg8 26. Kh3 Rxg7 27. Rb3 Bd7+ 28. Kh4 Rexg2 29. Rg3 Rg4+ 30. Kh5 Rxh2+ 31. Rh3 Rxh3# 0-1